<?xml version="1.0" encoding="UTF-8"?>
<record
    xmlns:xsi="http://www.w3.org/2001/XMLSchema-instance"
    xsi:schemaLocation="http://www.loc.gov/MARC21/slim http://www.loc.gov/standards/marcxml/schema/MARC21slim.xsd"
    xmlns="http://www.loc.gov/MARC21/slim">

  <leader>01005nam a22001937a 4500</leader>
  <controlfield tag="008">110518s2010    su|||||r|||| 000 0 ara d</controlfield>
  <datafield tag="020" ind1=" " ind2=" ">
    <subfield code="a">6281072012755</subfield>
  </datafield>
  <datafield tag="082" ind1=" " ind2=" ">
    <subfield code="2">22</subfield>
    <subfield code="a">157.33</subfield>
    <subfield code="b">&#x643; &#x627; &#x631;</subfield>
  </datafield>
  <datafield tag="100" ind1=" " ind2=" ">
    <subfield code="9">23911</subfield>
    <subfield code="a">&#x643;&#x627;&#x631;&#x646;&#x64A;&#x62C;&#x64A;&#x60C; &#x62F;&#x64A;&#x644;</subfield>
  </datafield>
  <datafield tag="245" ind1=" " ind2=" ">
    <subfield code="a"> :&#x643;&#x64A;&#x641; &#x62A;&#x62A;&#x62E;&#x644;&#x635; &#x645;&#x646; &#x627;&#x644;&#x642;&#x644;&#x642; &#x648;&#x62A;&#x628;&#x62F;&#x623; &#x62D;&#x64A;&#x627;&#x62A;&#x643;</subfield>
    <subfield code="b">&#x637;&#x631;&#x642; &#x645;&#x62C;&#x631;&#x628;&#x629; &#x644;&#x644;&#x62A;&#x63A;&#x644;&#x628; &#x639;&#x644;&#x649; &#x627;&#x644;&#x642;&#x644;&#x642; /</subfield>
    <subfield code="c">&#x62A;&#x631;&#x62C;&#x645;&#x629; &#x645;&#x643;&#x62A;&#x628;&#x629; &#x62C;&#x631;&#x64A;&#x631;&#x61B; &#x62F;&#x64A;&#x644; &#x643;&#x627;&#x631;&#x646;&#x64A;&#x62C;&#x64A;</subfield>
  </datafield>
  <datafield tag="260" ind1=" " ind2=" ">
    <subfield code="a">&#x627;&#x644;&#x631;&#x64A;&#x627;&#x636; :</subfield>
    <subfield code="b">&#x645;&#x643;&#x62A;&#x628;&#x629;  &#x62C;&#x631;&#x64A;&#x631;&#x60C; 2010</subfield>
    <subfield code="c">2010</subfield>
  </datafield>
  <datafield tag="300" ind1=" " ind2=" ">
    <subfield code="a">508 &#x635; &#x61B;</subfield>
    <subfield code="c">19 &#x633;&#x645;</subfield>
  </datafield>
  <datafield tag="500" ind1=" " ind2=" ">
    <subfield code="a">&#x62A;&#x631;&#x62C;&#x645;&#x629; &#x644;&#x643;&#x62A;&#x627;&#x628;: How to Stop Worrying and Start Living : Time-Tested Methods for Conquering Worry / Dale Carnegie</subfield>
  </datafield>
  <datafield tag="650" ind1=" " ind2=" ">
    <subfield code="9">23912</subfield>
    <subfield code="a">&#x627;&#x644;&#x642;&#x644;&#x642; &#x627;&#x644;&#x627;&#x62C;&#x62A;&#x645;&#x627;&#x639;&#x64A;</subfield>
  </datafield>
  <datafield tag="653" ind1=" " ind2=" ">
    <subfield code="b">General</subfield>
    <subfield code="c">May2011</subfield>
    <subfield code="d">BestSellers</subfield>
  </datafield>
  <datafield tag="710" ind1=" " ind2=" ">
    <subfield code="9">23926</subfield>
    <subfield code="a">&#x645;&#x643;&#x62A;&#x628;&#x629; &#x62C;&#x631;&#x64A;&#x631;</subfield>
  </datafield>
  <datafield tag="942" ind1=" " ind2=" ">
    <subfield code="2">ddc</subfield>
    <subfield code="c">BB</subfield>
  </datafield>
  <datafield tag="999" ind1=" " ind2=" ">
    <subfield code="c">15315</subfield>
    <subfield code="d">15315</subfield>
  </datafield>
  <datafield tag="952" ind1=" " ind2=" ">
    <subfield code="0">0</subfield>
    <subfield code="1">0</subfield>
    <subfield code="2">ddc</subfield>
    <subfield code="4">0</subfield>
    <subfield code="7">0</subfield>
    <subfield code="8">Diwan</subfield>
    <subfield code="a">MAIN</subfield>
    <subfield code="b">MAIN</subfield>
    <subfield code="c">LOW</subfield>
    <subfield code="d">2011-05-18</subfield>
    <subfield code="e">purchase</subfield>
    <subfield code="g">62.00</subfield>
    <subfield code="h">124070</subfield>
    <subfield code="o">157.33 &#x643; &#x627; &#x631;</subfield>
    <subfield code="p">000023596</subfield>
    <subfield code="r">2025-07-15 00:00:00</subfield>
    <subfield code="s">2023-12-16</subfield>
    <subfield code="y">BB</subfield>
  </datafield>
</record>
